00447nam a22001577a 450000500170000001000200001702000260003703500200006303700200008308200110010324500880011426000340020230000220023650000190025865000120027720120111120410.0 aB-470987-471007 a9781445406497c450.00 aB-470987-471007 adplbBlue Berry a591.03 aChildren's encylopedia of animals /bbegin to discover the amazing world of animals aBath BAI, UKbParragon,c2010 a224p.c24 cm (Hb) aIncludes index aAnimals